00667nab a2200205 uc450000100070000000500170000700800410002403500110006503500210007604000130009704100080011010000400011824500590015865000180021765000410023565000420027677301140031894200100043299900190044256691720240515090854.0991124e19970701 spa  a566917 a(OCoLC)819820322 ccomduadb aspa10aMarenales, Emilio4auteaut949900310aEvaluacion del aprendizaje en la ensenanza del derecho aUruguay93810 7aDerecho a la educación2lemb92381 7aEvaluación académica2lemb9140380 tRevista de la Facultad de Derecho (Montevideo)gNo. 12, Jul.-Dic. 1997, p. 111-152w313589x0797-04470103333 cARIMP c138968d138968